| 000 | 01145nam a2200325 i 4500 | ||
|---|---|---|---|
| 001 | bg | ||
| 003 | BPK | ||
| 005 | 20220506122509.0 | ||
| 008 | 060125s2006 pl a f |001 0 pol | ||
| 015 | _aPB 2006/4038 | ||
| 020 | _a8320816122 | ||
| 040 |
_aWA N _cBPK |
||
| 080 | _a33 | ||
| 080 | _a005 | ||
| 080 | _a(075.3.053.7) | ||
| 080 | _a(075.8) | ||
| 100 | 1 |
_aCzarny, Bogusław _d(1957- ). |
|
| 245 | 1 | 0 |
_aWstęp do ekonomii / _cBogusław Czarny. |
| 260 |
_aWarszawa : _bPolskie Wydawnictwo Ekonomiczne, _c2006. |
||
| 300 |
_a339 s. : _bil. ; _c24 cm. |
||
| 504 | _aIndeks. | ||
| 521 | 8 | _aDla uczniów i nauczycieli szkół średnich a także dla studentów szkół biznesu i kierunków nieekonomicznych w wyższych uczelniach różnych typów. | |
| 650 | 4 | _aEkonomia | |
| 650 | 4 | _aEdukacja ekonomiczna | |
| 655 | 4 | _aPodręczniki akademickie | |
| 655 | 4 | _aPodręczniki dla szkół ponadgimnazjalnych | |
| 710 | 2 |
_aPolskie Wydawnictwo Ekonomiczne _4pbl. |
|
| 856 |
_uhttp://koha.tu.koszalin.pl/cgi-bin/koha/opac-detail.pl?biblionumber=51792 _yKatalog online BPK |
||
| 942 |
_2UKD _cKS |
||
| 999 |
_c51792 _d51792 |
||